Splnilo zavedenie systému programového rozpočtovania svoje očakávania?

Dokončenie príspevku z predchádzajúceho čísla.

Gespeichert in:
Bibliographische Detailangaben
1. Verfasser: Kozovský, Dušan
Format: Buchkapitel
Sprache:Slowakisch
Schlagworte:
Tags: Tag hinzufügen
Keine Tags, Fügen Sie das erste Tag hinzu!

MARC

LEADER 00000naa a2200000 4500
001 0147558
005 20240502072650.2
041 0 |a slo 
044 |a SK 
245 1 0 |a Splnilo zavedenie systému programového rozpočtovania svoje očakávania?  |c Dušan Kozovský 
520 |a Dokončenie príspevku z predchádzajúceho čísla. 
610 2 0 |a rozpočtovanie 
610 2 0 |a účtovníctvo 
610 2 0 |a samospráva 
610 2 0 |a správa verejná 
610 2 0 |a rozpočet štátny 
610 2 0 |a rozpočty verejné 
100 1 |a Kozovský, Dušan